Kỹ thuật trồng chiết ghép giâm cành hoa hồng

Gespeichert in:
Bibliographische Detailangaben
1. Verfasser: VIỆT CHƯƠNG
Format: Buch
Sprache:Undetermined
Veröffentlicht: Tp. HCM Tp HCM 2000
Schlagworte:
Tags: Tag hinzufügen
Keine Tags, Fügen Sie den ersten Tag hinzu!
Thư viện lưu trữ: Trung tâm Học liệu Trường Đại học Cần Thơ
LEADER 00509nam a2200169Ia 4500
001 CTU_48456
008 210402s9999 xx 000 0 und d
082 |a 635.9 
082 |b V308 
100 |a VIỆT CHƯƠNG 
245 0 |a Kỹ thuật trồng chiết ghép giâm cành hoa hồng 
245 0 |c VIỆT CHƯƠNG, Lâm Thị Mỹ Hương 
260 |a Tp. HCM 
260 |b Tp HCM 
260 |c 2000 
650 |a floriculture 
980 |a Trung tâm Học liệu Trường Đại học Cần Thơ